| 000 | 00758cam a2200193 i 4500 | ||
|---|---|---|---|
| 005 | 20251223104405.0 | ||
| 008 | 250721s2001 su gr 000 0 ara d | ||
| 082 | 1 | 4 |
_a218.4219 _bب ا س |
| 100 | 1 |
_aباسلامة، حسين عبد الله _eمؤلف. |
|
| 245 | 1 | 0 |
_aتاريخ الكعبة المعظمة : _bعمارتها وكسوتها وسدانتها / _cحسين عبد الله باسلامة. |
| 264 | 3 | 1 |
_aعمان : _bدار الفلاح للنشر، _c2001. |
| 300 | _a400 صفحة. | ||
| 490 | 1 |
_aالكتاب العربي السعودي ؛ _vرقم 47. |
|
| 650 | 1 | 7 | _aالأماكن المقدسة. |
| 650 | 1 | 7 | _aالكعبة. |
| 830 | 0 | _aالكتاب العربي السعودي. | |
| 942 |
_2ddc _cBK |
||
| 999 |
_c92759 _d92759 |
||